| 000 | 00683nam a2200205Ia 4500 | ||
|---|---|---|---|
| 008 | 210417s9999 xx 000 0 und d | ||
| 020 | _a9781138906600 | ||
| 020 | _b1138906603 | ||
| 082 | _a306.70835 BOO | ||
| 082 | _b22.306.70835 BOO | ||
| 245 | 0 | _aRomance and sex in adolescence and emerging adulthood : risks and opportunities | |
| 245 | 0 | _cRomance and sex in adolescence and emerging adulthood risks and opportunities | |
| 250 | _aClassic Edition. | ||
| 250 | _b"xxvii, 276 pages ; 23 cm." | ||
| 260 | _a"New York, NY" | ||
| 260 | _bRoutledge | ||
| 260 | _c2016 | ||
| 700 | _a"Booth, Alan" | ||
| 700 | _b"edited by Alan Booth, Ann C. Crouter, and Anastasia Snyder." | ||
| 999 |
_c467366 _d467366 |
||